| 000 | 00527nam a2200193 a 4500 | ||
|---|---|---|---|
| 005 | 20240910064102.0 | ||
| 008 | 010313s19701985mx r 000 0 spa d | ||
| 020 | _a9681801687 | ||
| 035 | _aUPN01000001820 | ||
| 049 | _aCG | ||
| 050 | 4 |
_aRA784 _bA45 |
|
| 245 | 0 | 4 |
_aLos alimentos y el hombre / _cMiram E. Lowenberg ... [et al.]. |
| 260 |
_aMéxico : _bLimusa, _c1970 (1985 impr.). |
||
| 300 | _a347 p. | ||
| 650 | 4 |
_aNutrición _92193 |
|
| 650 | 4 |
_aAlimentos _92191 |
|
| 700 | 1 |
_aLowenberg, Miram E., _ecoaut. |
|
| 905 | _aLibro | ||
| 999 |
_c1820 _d1820 |
||